Marketing deportivo

Αποθηκεύτηκε σε:
Λεπτομέρειες βιβλιογραφικής εγγραφής
Κύριοι συγγραφείς: Mullin, Bernard J. (autor), Hardy, Stephen (Συγγραφέας), Sutton, William A (Συγγραφέας)
Μορφή: Βιβλίο
Γλώσσα:Ισπανικά
Έκδοση: Barcelona Paidotribo 1995
Έκδοση:2a. ed
Σειρά:Colección Gestión y Administración
Θέματα:
Ετικέτες: Προσθήκη ετικέτας
Δεν υπάρχουν, Καταχωρήστε ετικέτα πρώτοι!

MARC

LEADER 00000nam a2200000 a 4500
001 UCI9504
003 CL-VaPUC
008 081120e19950000SP |||||||||||||||||spa|d
020 |a 8480191864 
082 0 4 |a 796.06  |b MUL  |2 21 
100 |a Mullin, Bernard J.  |e autor  |9 552567 
700 0 |a Hardy, Stephen  |e author  |9 533306 
700 0 |a Sutton, William A  |e author  |9 533307 
245 1 0 |a Marketing deportivo 
250 |a 2a. ed 
300 |a 299 p 
942 |c BK 
945 |d 20081120 00:00:00  |a jtorresc 
260 |a Barcelona  |b Paidotribo  |c 1995 
650 0 |a Marketing  |9 259324 
650 0 |a Deportes  |9 224367 
650 0 |a Administración financiera  |9 261146 
650 7 |a ORGANIZACIONES DEPORTIVAS  |2 CL-VaPUC  |9 462353 
650 0 |a Planificación estratégica   |9 259735 
650 0 |a Gimnasio   |9 341520 
583 |a last modification  |c 20081120 00:00:00  |k Rodrigo Vera 
490 0 |a Colección Gestión y Administración 
999 |c 332028  |d 332026 
952 |0 0  |1 0  |4 0  |6 796_060000000000000_MUL_1995  |7 0  |8 A  |9 419371  |a BIBEDU  |b BIBEDU  |d 2019-11-22  |i 4497813  |o 796.06 MUL 1995  |p 4497813  |r 2019-11-22  |w 2019-11-22  |y BK  |k EFI 
952 |0 0  |1 0  |4 0  |6 796_060000000000000_MUL_1995  |7 0  |8 A  |9 419372  |a BIBEDU  |b BIBEDU  |d 2019-11-22  |i 4497821  |l 3  |o 796.06 MUL 1995  |p 4497821  |r 2021-07-06  |s 2020-10-09  |w 2019-11-22  |y BK  |k EFI